Společnost 4.0. - vybrané aspekty

Vybrané aspekty transformácie súčasnej spoločnosti na Spoločnosť 4.0, prípadne Spoločnosť 5.0, ktorá je založená na špecifických princípoch vychádzajúcich z tzv. štvrtej priemyselnej revolúcie. Nové spôsoby spracovania dát, zmeny súčasných podmienok vo vzťahu k pracovným pozíciám, tvorbe a využitiu...

Descrizione completa

Salvato in:
Dettagli Bibliografici
Autore principale: Černá, Marie
Altri autori: Dvořáková, Lilia, Vacek, Jiří
Natura: Capitolo di libro
Lingua:ceco
Soggetti:
Tags: Aggiungi Tag
Nessun Tag, puoi essere il primo ad aggiungerne!!

MARC

LEADER 00000naa a2200000 4500
001 0266952
005 20200708095525.4
041 0 |a cze 
044 |a CZ 
245 1 0 |a Společnost 4.0. - vybrané aspekty  |c Marie Černá, Lilia Dvořáková, Jiří Vacek 
520 |a Vybrané aspekty transformácie súčasnej spoločnosti na Spoločnosť 4.0, prípadne Spoločnosť 5.0, ktorá je založená na špecifických princípoch vychádzajúcich z tzv. štvrtej priemyselnej revolúcie. Nové spôsoby spracovania dát, zmeny súčasných podmienok vo vzťahu k pracovným pozíciám, tvorbe a využitiu znalostí, vzdelávaniu a celkovej kvalite života. Prístupy k informačným a komunikačným technológiám a prístup jednotlivcov k zmenám viditeľným v celej spoločnosti. 
610 2 0 |a spoločnosť industriálna 
610 2 0 |a automatizácia 
610 2 0 |a digitalizácia 
610 2 0 |a priemysel 4.0 
100 1 |a Černá, Marie 
700 1 |a Dvořáková, Lilia 
700 1 |a Vacek, Jiří